Study skills and academic performance among grade 12 students/ (Record no. 13209)
[ view plain ]
| 000 -LEADER | |
|---|---|
| fixed length control field | 00736nam a22002057a 4500 |
| 003 - CONTROL NUMBER IDENTIFIER | |
| control field | OSt |
| 005 - DATE AND TIME OF LATEST TRANSACTION | |
| control field | 20190410085548.0 |
| 008 - FIXED-LENGTH DATA ELEMENTS--GENERAL INFORMATION | |
| fixed length control field | 190212b ||||| |||| 00| 0 eng d |
| 040 ## - CATALOGING SOURCE | |
| Transcribing agency | UM Digos College |
| 082 ## - DEWEY DECIMAL CLASSIFICATION NUMBER | |
| Edition number | 2018 |
| Classification number | UT 1205 |
| Item number | G97 |
| 100 ## - MAIN ENTRY--PERSONAL NAME | |
| Personal name | Gumalawe, Meryl Jairah M. |
| 9 (RLIN) | 36943 |
| 245 ## - TITLE STATEMENT | |
| Title | Study skills and academic performance among grade 12 students/ |
| Statement of responsibility, etc. | Meryl Jairah M. Gumalawe, Cristine Joy B. Aquino, and Clyde Von R. Cesar. |
| 260 ## - PUBLICATION, DISTRIBUTION, ETC. (IMPRINT) | |
| Place of publication, distribution, etc. | Digos City: |
| Name of publisher, distributor, etc. | UMDC |
| Date of publication, distribution, etc. | November 2018. |
| 300 ## - PHYSICAL DESCRIPTION | |
| Extent | 36 pages; |
| Dimensions | 30 cm. |
| 650 ## - SUBJECT ADDED ENTRY--TOPICAL TERM | |
| Topical term or geographic name as entry element | Education |
| Form subdivision | English |
| General subdivision | Undergraduate thesis. |
| 9 (RLIN) | 36944 |
| 700 ## - ADDED ENTRY--PERSONAL NAME | |
| Personal name | Gumalawe, Meryl Jairah M. |
| 9 (RLIN) | 36943 |
| 700 ## - ADDED ENTRY--PERSONAL NAME | |
| Personal name | Aquino, Cristine Joy B. |
| 9 (RLIN) | 36945 |
| 700 ## - ADDED ENTRY--PERSONAL NAME | |
| Personal name | Cesar, Clyde Von R. |
| 9 (RLIN) | 36946 |
| 942 ## - ADDED ENTRY ELEMENTS (KOHA) | |
| Source of classification or shelving scheme | Dewey Decimal Classification |
| Koha item type | Undergraduate Thesis |
| Withdrawn status | Lost status | Source of classification or shelving scheme | Damaged status | Not for loan | Collection code | Home library | Current library | Date acquired | Total Checkouts | Full call number | Barcode | Date last seen | Price effective from | Koha item type |
|---|---|---|---|---|---|---|---|---|---|---|---|---|---|---|
| Dewey Decimal Classification | Undergraduate Theses | UM Digos College - LIC | UM Digos College - LIC | 01/15/2019 | UT 1205 G97 2018 | UT1205 | 02/12/2019 | 02/12/2019 | Undergraduate Thesis |
